000
00343nam a2200145Ia 4500
008
220928s9999 xx 000 0 und d
082
_b
SAH
100
_a
SAHAY, YAMINI
245
0
_a
FEMINISM ETHICAL ISSUE VOL-1
250
_a
1ST
260
_b
CO-OPERATION PUBLICATION, JAIPUR
_c
2013
300
_a
188
650
_a
General
942
_c
BK
999
_c
206645
_d
206645